000 00756nam a2200265Ia 4500
005 20260302114254.0
008 008 260114s9999 xx 000 0 eng d
020 _a9781350081253
037 _aTextbook
040 _aCRL
040 _beng
040 _cCRL
041 _2eng
041 _aeng
084 _qCRL
100 _aHelen De Cruz, Johan De Smedt and Eric Schwitzgebel
_91118278
245 0 _aPhilosophy through Science Fiction Stories Exploring the Boundaries of the Possible
260 _bBloomsbury
260 _bBloomsbury Academic
260 _c2021
650 _aPhilosophy
856 _uhttps://doi.org/10.5040/9781350081253?locatt=label:secondary_bloomsburyCollections
942 _cEBOOK
999 _c1681949
_d1681949